000 00521cam a2200169 a 4500
001 000008825
005 20200929161420.0
008 820604s1968 ve 000 f spa d
040 _aDO-SdBNP
_bspa
_cBNPHU
082 _aV863.44
_bB533e
100 1 _aBerroeta, Pedro,
_d1914-
_923368
245 1 3 _aEl espía que vino del cielo :
_bnovela /
_cPedro Berroeta.
260 _aCaracas :
_bMonte Ávila,
_c1968.
300 _a190 p. ;
_c18 cm.
650 4 _aNovela venezolana
_93962
650 4 _aLiteratura venezolana
_ySIGLO XX
_99777
999 _c8594
_d8594